I Cinque Sensi Nell´Arte (Record no. 1963)

MARC details
000 -CABECERA
campo de control de longitud fija 01016nam a2200253 a 4500
001 - NÚMERO DE CONTROL
campo de control BRCA_2207
005 - FECHA Y HORA DE LA ÚLTIMA TRANSACCIÓN
campo de control 20190320203720.0
008 - DATOS DE LONGITUD FIJA--INFORMACIÓN GENERAL
campo de control de longitud fija 970626s1996 it-a---##b---#000-0#ita-d
020 ## - NÚMERO INTERNACIONAL ESTÁNDAR DEL LIBRO
Número Internacional Estándar del Libro 8878137383
040 ## - FUENTE DE LA CATALOGACIÓN
Centro catalogador/agencia de origen NjP
Centro/agencia transcriptor NjP
Centro/agencia modificador DNGA
050 #4 - SIGNATURA TOPOGRÁFICA DE LA BIBLIOTECA DEL CONGRESO
Número de clasificación ND1460
Número de documento/Ítem .C56 1996
245 10 - MENCIÓN DE TÍTULO
Título I Cinque Sensi Nell´Arte
Resto del título Immagini del Sentire
Mención de responsabilidad, etc. a cura di Sylvia Ferino-Pagden.
260 ## - PUBLICACIÓN, DISTRIBUCIÓN, ETC.
Lugar de publicación, distribución, etc. [Italy]
Nombre del editor, distribuidor, etc. Leonardo Arte
Fecha de publicación, distribución, etc. c1996.
300 ## - DESCRIPCIÓN FÍSICA
Extensión 351 p.
Otras características físicas il. (algunas a color)
Dimensiones 28 cm.
500 ## - NOTA GENERAL
Nota general Catálogo de la exposición realizada en el Centro culturale ´Città di Cremona´, Santa Maria della Pietà, 21 septiembre, 1996 - 12 enero, 1997
500 ## - NOTA GENERAL
Nota general Título en el lomo : Immagini del Sentire
504 ## - NOTA DE BIBLIOGRAFÍA, ETC.
Nota de bibliografía, etc. Bibliografía: p. 335-351
650 14 - PUNTO DE ACCESO ADICIONAL DE MATERIA--TÉRMINO DE MATERIA
Término de materia o nombre geográfico como elemento de entrada Sentidos en el arte
Subdivisión de forma Exposiciones
9 (RLIN) 6648
650 14 - PUNTO DE ACCESO ADICIONAL DE MATERIA--TÉRMINO DE MATERIA
Término de materia o nombre geográfico como elemento de entrada Pintores europeos
Subdivisión general Exposiciones.
Subdivisión cronológica Siglo XVII
9 (RLIN) 6649
650 14 - PUNTO DE ACCESO ADICIONAL DE MATERIA--TÉRMINO DE MATERIA
Término de materia o nombre geográfico como elemento de entrada Pintores europeos
Subdivisión de forma Exposiciones
Subdivisión cronológica Siglo XVIII
9 (RLIN) 6650
650 14 - PUNTO DE ACCESO ADICIONAL DE MATERIA--TÉRMINO DE MATERIA
Término de materia o nombre geográfico como elemento de entrada Arte europeo
Subdivisión de forma Exposiciones
9 (RLIN) 6651
700 1# - PUNTO DE ACCESO ADICIONAL--NOMBRE DE PERSONA
Nombre de persona Ferino-Pagden, Sylvia
9 (RLIN) 6652
942 ## - ELEMENTOS DE PUNTO DE ACCESO ADICIONAL (KOHA)
Fuente del sistema de clasificación o colocación Library of Congress Classification
Tipo de ítem Koha Libros
Holdings
Estado de retiro Estado de pérdida Estado dañado No para préstamo Localización permanente Ubicación/localización actual Fecha de adquisición Total de préstamos Signatura topográfica completa Código de barras Fecha visto por última vez Precio válido a partir de Tipo de ítem Koha
El ejemplar forma parte de la colección y puede ser consultado según las políticas vigentes.       Biblioteca del Museo Franz Mayer (Rogerio Casas-Alatriste) Biblioteca del Museo Franz Mayer (Rogerio Casas-Alatriste) 14/08/2008   ND1460 .C56 1996 02256 22/03/2019 22/03/2019 Libros